000 01809cam a22004214a 4500
999 _c28359
_d28330
001 13416980
003 EG-ScBUE
005 20200318100455.0
008 031126t2004 enka f b 001 0 eng d
020 _a185233794X (alk. paper)
020 _a9781852337940
040 _aDLC
_beng
_erda
_cDLC
_dDLC
_dEG-ScBUE
082 0 4 _a005.275
_bCOC
_222
100 1 _aCockshott, W. Paul,
_d1952-
_eauthor.
245 1 0 _aSIMD programming manual for linux and windows /
_cPaul Cockshott and Kenneth Renfrew.
264 1 _aLondon :
_bSpringer,
_c[2004]
264 4 _cc2004
300 _axxvi, 351 pages :
_billustrations ;
_c24 cm.
336 _2rdacontent
_atext
_btxt
337 _2rdamedia
_aunmediated
_bn
338 _2rdacarrier
_avolume
_bnc
490 0 _aSpringer professional computing
500 _aIncludes appendices.
504 _aIncludes bibliographical references and index.
520 _aThe level or parallelism supported ranges from two floating point operations, at a time on the AMD K6 architecture to 16 byte operations at a time on the Intel P4 architecture.
630 0 7 _aLinux.
_2BUEsh
630 0 7 _aMicrosoft Windows (Computer file)
_2BUEsh
650 7 _aParallel programming (Computer science)
_2BUEsh
653 _bCOMSCI
_cMarch2020
655 _vReading book
_934232
700 1 _aRenfrew, Kenneth,
_d1962-
_eauthor.
856 4 2 _3Publisher description
_uhttp://www.loc.gov/catdir/enhancements/fy0818/2003067311-d.html
856 4 1 _3Table of contents only
_uhttp://www.loc.gov/catdir/enhancements/fy0818/2003067311-t.html
906 _a7
_bcbc
_corignew
_d1
_eocip
_f20
_gy-gencatlg
942 _2ddc
_cBB